| 000 | 00705nam a2200241Ia 4500 | ||
|---|---|---|---|
| 005 | 20260430150124.0 | ||
| 008 | 008 250103s9999 xx 000 0 eng d | ||
| 037 | _aTheses | ||
| 040 | _aCRL | ||
| 040 | _beng | ||
| 040 | _ceng | ||
| 041 | _2eng | ||
| 041 | _aeng | ||
| 084 | _qCRL | ||
| 100 |
_aAggarwal Usha Au.; Gupta Pankaj Gu. _91236529 |
||
| 245 | 0 | _aIntegrated multi-objective optimization models for sustainable transportation network in supply chain design | |
| 260 | _c2022 | ||
| 300 | _a261p. | ||
| 650 | _aOperations Research | ||
| 700 | _aUniversity of Delhi. Faculty of Mathematical Sciences. Department of Operational Research | ||
| 942 | _cTH | ||
| 999 |
_c1849000 _d1849000 |
||